BEGINNER'S HUNGER GAMES QUIZ :) - Statistics

General Stats
  • This quiz has been taken 60 times
  • The average score is 9 of 15
Answer Stats
Hint Answer % Correct
What's Katniss's district? 12
98%
What weapon is Katniss skilled with? Bow and Arrow
76%
Who kills Thresh? Cato
69%
What's the genre of the series? Dystopian
67%
Who kills Clove? Thresh
65%
Who kills Rue? Marvel
61%
^Names of said weapon... Nightlock
61%
What's the name of Prim's goat? Lady
57%
Who is Head Gamemaker in the 74th Games? Seneca Crane
57%
What Districts are Career Districts? 1,2,4
55%
What color ribbon does Katniss put around the goat's neck when she gives her to Prim? Pink
55%
Who kills Marvel? Katniss Everdeen
49%
Who does Katniss blame for her sister's death? Gale Hawthorne
39%
Who kills Cato? (Two people) Peeta and Katniss
27%
What kills Foxface? Poison Berries
20%
No matching quizzes found
Score Distribution
Percent of People with Each Score
Percentile by Number Answered
Your Score History
You have not taken this quiz